000 00304nam a22001097a 4500
008 240712b |||||||| |||| 00| 0 eng d
100 _aPrabdas, Brahamchari
_916986
245 _aBhaj Gobind
260 _aAjmer:
_bAtam Darshan;
_c1968.
300 _a107p.
942 _cBK
999 _c40165
_d40165